00380nam a2200109 a 450000100100000000500170001000800410002704000250006824500620009326000930015530000220024800003840620201002031243.0130411s1994 dr 000 0 spa d aDO-SdBNPbspacBNPHU00aCompendio de leyes /cSecretaría de Estado de Finanzas. aSanto Domingo :bSecretaría de Estado de FinanzasbSuperintendencia de Seguros,c1994. a99 p. : ;c20 cm.